お笑いグループをメンバーから当てる - Statistics

General Stats
  • This quiz has been taken 219 times
  • The average score is 34 of 40
Answer Stats
グループ名 メンバー % Correct
サンドウィッチマン 伊達みきお、富澤たけし
99%
オードリー 若林正恭、春日俊彰
99%
ネプチューン 名倉潤、原田泰造、堀内健
97%
霜降り明星 粗品、せいや
97%
千鳥 大悟、ノブ
97%
かまいたち 山内健司、濱家隆一
95%
麒麟 川島明、田村裕
93%
中川家 剛、礼二
92%
アンジャッシュ 児嶋一哉、渡部建
91%
チョコレートプラネット 長田庄平、松尾駿
91%
バナナマン 設楽統、日村勇紀
91%
ハリセンボン 近藤春菜、箕輪はるか
90%
ダウンタウン 松本人志、浜田雅功
88%
NON STYLE 石田明、井上裕介
88%
ロバート 秋山竜次、馬場裕之、山本博
86%
とんねるず 石橋貴明、木梨憲武
85%
ミキ 昴生、亜生
85%
おぎやはぎ 小木博明、矢作兼
85%
ウッチャンナンチャン 内村光良、南原清隆
85%
錦鯉 長谷川雅紀、渡辺隆
85%
南海キャンディーズ 山里亮太、しずちゃん
84%
バイきんぐ 小峠英二、西村瑞樹
84%
くりぃむしちゅー 上田晋也、有田哲平
83%
さらば青春の光 森田哲矢、東ブクロ
82%
ぺこぱ シュウペイ、松陰寺太勇
81%
ザ・ドリフターズ いかりや長介、加藤茶、荒井注、高木ブー、仲本工事、志村けん
81%
メイプル超合金 カズレーザー、安藤なつ
81%
東京03 飯塚悟志、豊本明長、角田晃広
81%
令和ロマン 髙比良くるま、松井ケムリ
80%
安田大サーカス 団長安田、HIRO、クロちゃん
80%
マヂカルラブリー 野田クリスタル、村上
77%
コロコロチキチキペッパーズ ナダル、西野創人
77%
野性爆弾 くっきー!、ロッシー
76%
レインボー ジャンボたかお、池田直人
75%
ジャルジャル 後藤淳平、福徳秀介
74%
ダチョウ倶楽部 肥後克広、寺門ジモン、上島竜兵
72%
ウエストランド 井口浩之、河本太
71%
さまぁ〜ず 大竹一樹、三村マサカズ
70%
真空ジェシカ 川北茂澄、ガク
69%
ラバーガール 飛永翼、大水洋介
62%
No matching quizzes found
Score Distribution
Percent of People with Each Score
Percentile by Number Answered
Your Score History
You have not taken this quiz